| 000 | 00388 a2200133 4500 | ||
|---|---|---|---|
| 003 | Nust | ||
| 005 | 20170207165246.0 | ||
| 040 | _cNust | ||
| 082 | _a799 | ||
| 245 |
_aOath Taking Ceremony Telecom Socity,Photographs-2014 _cMCS |
||
| 260 |
_aRawalpindi _bMCS _c30-05-2014 |
||
| 650 | _aPictures of Oath Taking Ceremony Telecom SocitymPhotographs-2014 (CD-NO 24 Vol III) | ||
| 651 | _aSweet Memories-MCS | ||
| 942 | _cBK | ||
| 999 |
_c211307 _d211307 |
||